Francuskie miasta - nagła śmierć - Statystyki

Ogólne statystyki
  • Ten quiz został rozwiązany 246 razy
  • Średni wynik to 12 z 14
Answers on the Grid
Answers color-coded by a green-red scale on the quiz's grid according to % correct below.
Paryż
Kopenhaga
Dortmund
Lyon
Palermo
Marsylia
Sofia
Nicea
Porto
Florencja
Bordeaux
Budapeszt
Strasburg
Walencja
Montpellier
Nantes
Padwa
Reims
Drezno
Tuluza
Grenoble
Rennes
Oslo
Berno
Dijon
Zurych
Alicante
Carcassonne
 
Statystyki odpowiedzi
Odpowiedź % Poprawnych
Paryż
100%
Lyon
98%
Marsylia
95%
Nicea
95%
Bordeaux
93%
Nantes
93%
Montpellier
91%
Reims
91%
Rennes
90%
Dijon
86%
Tuluza
86%
Strasburg
82%
Grenoble
76%
Carcassonne
70%
Nie znaleziono quizów pasujących do podanych kryteriów
Rozkład punktacji
Procent ludzi z każdym wynikiem
Percentyl według liczby udzielonych odpowiedzi
Twoja historia wyników
Nie rozwiązałeś tego quizu